Allocation of industry in the Andean Common Market /

Guardado en:
Autor Principal: Wengel, Jan ter.
Formato: Libro
Idioma:English
Publicado: Boston : M. Nijhoff Pub., c1980.
Series:Studies in development and planning (Rotterdam) ; v. 11
Materias:
Etiquetas: Agregar Etiqueta
Sin Etiquetas, Sea el primero en etiquetar este registro!
LEADER 00898cam a22002655a 4500
001 EIQ.libpla000119
008 790628s1980####mau######b####000#0#eng#d
005 20060508185829.0
245 1 0 |a Allocation of industry in the Andean Common Market /  |c Jan ter Wengel. 
260 |a Boston :  |b M. Nijhoff Pub.,  |c c1980. 
300 |a xi, 177 p. ;  |c 24 cm. 
490 1 |a Studies in development and planning ;  |v 11 
504 |a Bibliografía: p. 173-177. 
020 |a 0898380200 
100 1 |a Wengel, Jan ter. 
830 0 |a Studies in development and planning (Rotterdam) ;  |v v. 11 
043 |a sn----- 
082 0 0 |a 338/.098 
650 0 |a Industrias  |z Región Andina. 
650 0 |a Industries  |z Andes Region. 
650 0 |a Import substitution  |z Región Andina. 
610 2 0 |a Acuerdo de Cartagena. 
010 |a  79018656  
040 |a DLC  |c DLC  |d AR-BbSID 
859 |a AR-BbSID  |b BIB. PLAPIQUI  |h 338.098  |i Wen 48  |p 1571